Personnages de Retour vers le Futur - Statistiques

Statistiques générales
  • Ce quiz a été pris 161 fois
  • Le résultat moyen est 9 sur 16
Statistiques - réponses
Par images Réponse % Correct
Marty
100%
Biff
87%
George
87%
Jennifer
80%
Emmett Brown
76%
Clara
69%
Lorraine
64%
Strickland
60%
Goldie Wilson
51%
Dave
49%
Seamus
44%
Needles
39%
Marvin Berry
32%
Linda
27%
Maggie
26%
Red
8%
Aucun quiz correspondant
Distribution des résultats
% des personnes avec chaque résultat
Percentile par nombre de réponses
Votre historique - résultats
Vous n’avez pas pris ce quiz